Sports Quiz

Random Sports Quiz

Top XIs: Raiffeisen Super League (2011-12) Quiz Stats

 Plays Quiz not verified by Sporcle

Challenge
Share
Tweet
Embed
Score 0/110 Timer 16:00
0 Plays Today
Club Player % Correct
FC Basel 1893Yann Sommer
100%
FC Basel 1893Marco Streller
85.7%
FC Basel 1893Xherdan Shaqiri
71.4%
FC Basel 1893Fabian Frei
71.4%
FC Basel 1893Alexander Frei
71.4%
FC Basel 1893Granit Xhaka
64.3%
FC ThunDavid Da Costa
50%
BSC Young BoysMarco Wölfli
50%
FC Basel 1893Markus Steinhöfer
42.9%
FC Basel 1893Benjamin Huggel
42.9%
Grasshopper Club ZürichSteven Zuber
42.9%
FC LuzernDavid Zibung
42.9%
FC SionSerey Dié
35.7%
FC ThunChristian Schneuwly
35.7%
BSC Young BoysDavid Degen
35.7%
BSC Young BoysMoreno Costanzo
35.7%
FC ZürichJohnny Leoni
35.7%
FC ZürichAdmir Mehmedi
35.7%
FC Basel 1893Aleksandar Dragović
28.6%
FC Basel 1893David Abraham
28.6%
Neuchâtel XamaxDavid Navarro
28.6%
Neuchâtel XamaxVíctor Sánchez
28.6%
FC SionAndris Vaņins
28.6%
BSC Young BoysChristoph Spycher
28.6%
FC ZürichRicardo Rodríguez
28.6%
FC Basel 1893Park Joo-Ho
21.4%
Grasshopper Club ZürichBoris Smiljanić
21.4%
Grasshopper Club ZürichVero Salatić
21.4%
Grasshopper Club ZürichInnocent Emeghara
21.4%
FC Lausanne-SportFabio Coltorti
21.4%
FC Lausanne-SportSteven Lang
21.4%
FC LuzernAlain Wiss
21.4%
FC LuzernClaudio Lustenberger
21.4%
FC LuzernAdrian Winter
21.4%
FC LuzernXavier Hochstrasser
21.4%
FC LuzernNelson Ferreira
21.4%
Neuchâtel XamaxMike Gomes
21.4%
Club Player % Correct
Neuchâtel XamaxKalu Uche
21.4%
Servette FCFrançois Moubandje
21.4%
FC ThunEnrico Schirinzi
21.4%
BSC Young BoysElsad Zverotić
21.4%
BSC Young BoysAlain Nef
21.4%
BSC Young BoysMichael Silberbauer
21.4%
BSC Young BoysRaphaël Nuzzolo
21.4%
FC ZürichSilvan Aegerter
21.4%
Grasshopper Club ZürichDaniel Pavlović
14.3%
FC Lausanne-SportFrédéric Page
14.3%
FC LuzernSally Sarr
14.3%
FC LuzernTomislav Puljić
14.3%
FC LuzernBurim Kukeli
14.3%
FC LuzernMichel Renggli
14.3%
FC LuzernJahmir Hyka
14.3%
Neuchâtel XamaxJean-François Bédénik
14.3%
Neuchâtel XamaxStéphane Besle
14.3%
Neuchâtel XamaxMickaël Facchinetti
14.3%
Neuchâtel XamaxVullnet Basha
14.3%
Neuchâtel XamaxSébastien Wüthrich
14.3%
Neuchâtel XamaxJavier Arizmendi
14.3%
Servette FCIshmael Yartey
14.3%
FC SionArnaud Bühler
14.3%
FC SionGoran Obradović
14.3%
FC SionGiovanni Sio
14.3%
FC ThunStipe Matić
14.3%
BSC Young BoysAlexander Farnerud
14.3%
BSC Young BoysEmmanuel Mayuka
14.3%
FC ZürichPhilippe Koch
14.3%
FC ZürichOliver Buff
14.3%
FC ZürichAdrian Nikçi
14.3%
Grasshopper Club ZürichPaulinho
7.1%
Grasshopper Club ZürichGuillermo Vallori
7.1%
Grasshopper Club ZürichNzuzi Toko
7.1%
Grasshopper Club ZürichAmir Abrashi
7.1%
FC Lausanne-SportGuillaume Katz
7.1%
FC Lausanne-SportSébastien Méoli
7.1%
Club Player % Correct
FC Lausanne-SportJérôme Sonnerat
7.1%
FC Lausanne-SportAlexandre Pasche
7.1%
FC Lausanne-SportNicolas Marazzi
7.1%
FC Lausanne-SportThierno Bah
7.1%
FC Lausanne-SportJocelyn Roux
7.1%
FC Lausanne-SportMatt Moussilou
7.1%
Neuchâtel XamaxGeoffrey Tréand
7.1%
Servette FCDavid González
7.1%
Servette FCVincent Rüfli
7.1%
Servette FCChristopher Routis
7.1%
Servette FCRoderick Miranda
7.1%
Servette FCMarcos De Azevedo
7.1%
Servette FCStéphane Nater
7.1%
Servette FCXavier Kouassi
7.1%
Servette FCLionel Pizzinat
7.1%
Servette FCGoran Karanović
7.1%
FC SionVilmos Vanczák
7.1%
FC SionAdaílton
7.1%
FC SionMichael Dingsdag
7.1%
FC SionRodrigo
7.1%
FC SionMario Mutsch
7.1%
FC SionDidier Crettenand
7.1%
FC ThunKevin Bigler
7.1%
FC ThunNicolas Schindelholz
7.1%
FC ThunSaïf Ghezal
7.1%
FC ThunAndreas Wittwer
7.1%
FC ThunDennis Hediger
7.1%
FC ThunMuhamed Demiri
7.1%
FC ThunRoland Bättig
7.1%
BSC Young BoysDušan Veškovac
7.1%
FC ZürichJorge Teixeira
7.1%
FC ZürichMathieu Beda
7.1%
FC ZürichMarco Schönbächler
7.1%
FC ZürichAmine Chermiti
7.1%
Grasshopper Club ZürichSwen König
0%
Grasshopper Club ZürichJosip Colina
0%

You're not logged in!

Compare scores with friends on all Sporcle quizzes.
OR
Log In

You Might Also Like...

Show Comments

Extras

Top Quizzes Today


Score Distribution

Your Account Isn't Verified!

In order to create a playlist on Sporcle, you need to verify the email address you used during registration. Go to your Sporcle Settings to finish the process.

Report this User

Report this user for behavior that violates our Community Guidelines.

Details: